Công nghệ 9 : Sửa chữa xe đạp

Sách gồm những vấn đề chung về môn học công nghệ, và giới thiệu nghề sửa chữa xe đạp cũng như cấu tạo và nguyên lý hoạt động của xe đạp.

Uloženo v:
Podrobná bibliografie
Hlavní autor: Nguyễn, Minh Đường
Médium: Kniha
Jazyk:Undetermined
Vydáno: Hà Nội Giáo dục 2008
Témata:
Tagy: Přidat tag
Žádné tagy, Buďte první, kdo otaguje tento záznam!
Thư viện lưu trữ: Trung tâm Học liệu Trường Đại học Cần Thơ
LEADER 00899nam a2200229Ia 4500
001 CTU_159537
008 210402s9999 xx 000 0 und d
020 |c 2500 
082 |a 629.280712 
082 |b Đ561/L.9 
100 |a Nguyễn, Minh Đường 
245 0 |a Công nghệ 9 : 
245 0 |b Sửa chữa xe đạp 
245 0 |c Nguyễn Minh Đường (Tổng chủ biên), Lê Phương Uyên 
260 |a Hà Nội 
260 |b Giáo dục 
260 |c 2008 
520 |a Sách gồm những vấn đề chung về môn học công nghệ, và giới thiệu nghề sửa chữa xe đạp cũng như cấu tạo và nguyên lý hoạt động của xe đạp. 
650 |a Bicycles 
650 |x Maintenance and repair 
904 |i Bé Ba (Bạch Trúc) 
980 |a Trung tâm Học liệu Trường Đại học Cần Thơ